Statistics for Top Country Singers/Bands of All Time

Click here to take the quiz!

General Stats

  • This quiz has been taken 1,778 times
  • The average score is 22 of 100

Answer Stats

#Answer% Correct
1.Johnny Cash
77%
10.Garth Brooks
71%
4.Dolly Parton
70%
25.George Strait
64%
2.Hank Williams
62%
7.Willie Nelson
62%
59.Tim McGraw
57%
41.Alan Jackson
56%
71.Hank Williams Jr.
55%
6.George Jones
52%
58.June Carter Cash
50%
11.Merle Haggard
50%
12.Waylon Jennings
50%
8.Loretta Lynn
49%
72.Toby Keith
49%
90.Rosanne Cash
45%
80.Kenny Chesney
44%
56.Faith Hill
43%
30.Reba McEntire
41%
35.Alabama
40%
29.Kenny Rogers
40%
45.Shania Twain
40%
3.Patsy Cline
38%
66.Brooks & Dunn
37%
79.Keith Urban
37%
14.Tammy Wynette
37%
36.Randy Travis
35%
100.Boxcar Willie
34%
51.Brad Paisley
34%
15.Conway Twitty
30%
9.Jimmie Rodgers
28%
70.Dixie Chicks
27%
55.Martina McBride
26%
74.Travis Tritt
26%
27.Vince Gill
24%
40.Trisha Yearwood
23%
32.Charley Pride
22%
19.Buck Owens
20%
83.Clint Black
20%
44.Glen Campbell
20%
42.Tanya Tucker
18%
5.The Carter Family
18%
38.The Judds
18%
75.Roger Miller
17%
54.The Oak Ridge Boys
17%
64.Connie Smith
16%
23.Chet Atkins
14%
39.Dwight Yoakam
14%
34.Roy Clark
14%
94.Emmylou Harris
13%
96.Lynn Anderson
13%
57.Porter Wagoner
13%
88.LeAnn Rimes
12%
17.Marty Robbins
12%
48.Patty Loveless
12%
16.Roy Acuff
12%
82.The Statler Brothers
12%
49.Charlie Rich
11%
60.Mel Tillis
11%
93.Montgomery Gentry
11%
78.Ronnie Milsap
11%
13.Bill Monroe
10%
97.Diamond Rio
10%
53.Faron Young
10%
24.Hank Snow
10%
37.Kitty Wells
10%
61.Ricky Skaggs
10%
99.David Allan Coe
9%
28.Ernest Tubb
9%
95.Gretchen Wilson
9%
26.Lefty Frizzell
9%
62."Little" Jimmy Dickens
9%
31.Alison Krauss & Union Station
8%
73.Ray Price
8%
22.Bob Wills
7%
81.Dottie West
7%
33.Eddy Arnold
7%
98.Jerry Reed
7%
52.Jim Reeves
7%
84.Lee Ann Womack
7%
43.Tom T. Hall
7%
18.Flatt & Scruggs
6%
47."Tennessee" Ernie Ford
6%
63.The Gatlin Brothers
6%
85.Bobby Bare
5%
21.Gene Autry
5%
65.Mary Chapin Carpenter
5%
69.Cowboy Copas
4%
76.Mickey Gilley
4%
20.The Stanley Brothers/Ralph Stanley
4%
91.Don Gibson
3%
67.Jean Shepard
3%
77.Patsy Montana
3%
92.The Kendalls
3%
86.The Louvin Brothers
3%
68.Gillian Welch
2%
50.Slim Whitman
2%
46.The Sons of the Pioneers
2%
89.Del McCoury Band
1%
87.The Blue Sky Boys
1%

Score Distribution

Percentile by Number Answered

Percent of People with Each Score

Your Score History

You have not taken this quiz